| 000 | 02036nam a2200265 a 4500 | ||
|---|---|---|---|
| 001 | 1503027 | ||
| 003 | OSt | ||
| 005 | 20230221161008.0 | ||
| 008 | 151028s1984 nyud gr 00010 spa d | ||
| 020 | _a9780060932138 | ||
| 040 |
_aCO-BoBLA _bspa _cCO-MqBPB |
||
| 043 | _ae-cs--- | ||
| 082 | 0 | 4 |
_aAN _bKUNu |
| 100 | 1 |
_aKundera, Milan, _d1929- |
|
| 245 | 1 | 3 |
_aThe unbearable lightness of being / _cMilan Kundera ; translated from the Czech by Michael Henry Heim. _bMilán Kundera |
| 260 |
_aCambridge ; _aPhiladelphia ; _aSan Francisco : _bHarper % Row, Publisher, _c1984. |
||
| 300 |
_a314 páginas : _bTapa Blanda: _c21 cm. |
||
| 500 | _aA young woman in love with a man torn between his love for her and his incorrigible womanizing; one of his mistresses and her humbly faithful lover—these are the two couples whose story is told in this masterful novel. In a world in which lives are shaped by irrevocable choices and by fortuitous events, a world in which everything occurs but once, existence seems to lose its substance, its weight. Hence, we feel The unbearable lightness of being not only as the consequence of our pristine actions but also in the public sphere, and the two inevitably intertwine. Una joven enamorada de un hombre dividido entre su amor por ella y su incorregible mujeriego; una de sus amantes y su amante humildemente fiel: estas son las dos parejas cuya historia se cuenta en esta magistral novela. En un mundo en el que las vidas están moldeadas por elecciones irrevocables y por eventos fortuitos, un mundo en el que todo ocurre una sola vez, la existencia parece perder su sustancia, su peso. Por lo tanto, sentimos La insoportable levedad del ser no solo como consecuencia de nuestras acciones prístinas sino también en la esfera pública, y los dos se entrelazan inevitablemente. | ||
| 650 | 4 | _aNovela checoslovaca. | |
| 650 |
_aAmor _v Novela. |
||
| 650 | 4 |
_aFilosof�a _v Novela. |
|
| 700 | 1 |
_aHeim, Michael Henry, _d1943-2012. |
|
| 942 |
_2ddc _cBKLIT |
||
| 949 |
_an _bn |
||
| 999 |
_c14683 _d14683 |
||